| Tag |
First Indicator |
Second Indicator |
Subfields |
| LEADER |
00000cam a2200000 4500 |
| 001 |
in00002784099 |
| 005 |
20151202171609.0 |
| 008 |
711126s1971 dcua b 001 0 eng |
| 010 |
|
|
|a 73609556
|
| 035 |
|
|
|a (OCoLC)ocm00213392
|
| 035 |
|
|
|a (OCoLC)213392
|
| 040 |
|
|
|a DLC
|c DLC
|d OCLCQ
|d BTCTA
|d OCLCG
|d UtOrBLW
|
| 043 |
|
|
|a n-us-nv
|
| 049 |
|
|
|a TXAM
|
| 050 |
0 |
0 |
|a QE75
|b .P9 no. 651
|
| 051 |
|
|
|a QE138.N9
|b A55
|c Copy 2.
|
| 082 |
0 |
0 |
|a 551 s
|a 557.93/34
|
| 086 |
0 |
|
|a I 19.16:651
|
| 110 |
2 |
|
|a Geological Survey (U.S.)
|
| 245 |
1 |
0 |
|a Geology of northern Nellis Air Force Base bombing and gunnery range, Nye County, Nevada /
|c By E.B. Ekren [and others] Prepared on behalf of the U.S. Atomic Energy Commission.
|
| 264 |
|
1 |
|a Washington :
|b U.S. Govt. Print. Off,
|c 1971.
|
| 300 |
|
|
|a iv, 91 pages :
|b illustrations ;
|c 30 cm.
|
| 336 |
|
|
|a text
|b txt
|2 rdacontent
|
| 337 |
|
|
|a unmediated
|b n
|2 rdamedia
|
| 338 |
|
|
|a volume
|b nc
|2 rdacarrier
|
| 490 |
1 |
|
|a Professional paper ;
|v 651
|
| 500 |
|
|
|a Part of illustrative matter in pocket.
|
| 504 |
|
|
|a Bibliography: pages 85-88.
|
| 650 |
|
0 |
|a Geology
|z Nevada
|z Nye Co.
|
| 700 |
1 |
|
|a Ekren, E. B.
|q (Einar Bartlett),
|d 1923-
|
| 710 |
2 |
|
|a U.S. Atomic Energy Commission.
|
| 830 |
|
0 |
|a Geological Survey professional paper ;
|v 651.
|
| 948 |
|
|
|a cataloged
|b h
|c 2012/12/3
|d c
|e mvaldespin
|f 02:05:44 pm
|
| 994 |
|
|
|a C0
|b TXA
|
| 999 |
|
|
|a MARS
|
| 999 |
f |
f |
|s 6d90b196-7e91-3651-bd9e-b063123e0422
|i 7c25303b-7be3-3e18-9674-bb8c6a317018
|t 0
|
| 952 |
f |
f |
|p normal
|a Texas A&M University
|b College Station
|c Sterling C. Evans Library
|d Evans: US Documents (Annex 5th floor)
|t 0
|e I 19.16:651
|h Superintendent of Documents classification
|i unmediated -- volume
|m A14839368856
|
| 998 |
f |
f |
|a I 19.16:651
|t 0
|l Evans: US Documents (Annex 5th floor)
|